00394nam a2200121Ia 450000500170000000800410001708200200005810000110007824501020008926000240019130000090021565000480022420240821160216.0240821s9999||||xx |||||||||||||| ||und|| a745.4495207 JAP aUnesco 0aGuidebook for the teaching of industrial arts and home making in lower secondary schools in Japan aParisbUnescoc1973 a184p aARTS, CRAFTS, MUSIC, SPORTS AND RECREATIONS